000 00244nam a2200097Ia 4500
005 20251222114402.0
008 251222s1900||||xx |||||||||||||| ||spa||
082 _aDVD0060/L63/2005
245 0 _aLo mejor del ChapulĂ­n Colorado Vol. 1:
942 _cDVD
999 _c1671
_d1671